Women and work: overseas practice (Record no. 488187)

000 -LEADER
fixed length control field 00392cam a22001217a 4500
008 - FIXED-LENGTH DATA ELEMENTS--GENERAL INFORMATION
fixed length control field 180718b1975 xxu||||| |||| 00| 0 eng d
082 ## - DEWEY DECIMAL CLASSIFICATION NUMBER
Classification number B142 Un3o
245 ## - TITLE STATEMENT
Title Women and work: overseas practice
Statement of responsibility, etc. by Department of Employment
260 ## - PUBLICATION, DISTRIBUTION, ETC.
Place of publication, distribution, etc. London
Name of publisher, distributor, etc. Her Majesty's Stationery Office
Date of publication, distribution, etc. 1975
300 ## - PHYSICAL DESCRIPTION
Extent 96p.
440 ## - SERIES STATEMENT/ADDED ENTRY--TITLE
Title Manpower Paper No. 12
700 ## - ADDED ENTRY--PERSONAL NAME
Personal name United Kingdom. Department of Employment
Holdings
Withdrawn status Lost status Damaged status Not for loan Permanent Location Current Location Date acquired Full call number Barcode Date last seen Price effective from Koha item type
        Indian Institute of Public Administration Indian Institute of Public Administration 2018-08-04 B142 Un3o G12815 2018-08-04 2018-08-04 G

Powered by Koha